Statistiques concernant Empereurs par images

Cliquez ici pour prendre le quiz!

Statistiques générales

  • Ce quiz a été pris 54 fois
  • Le résultat moyen est 7 sur 16

Statistiques - réponses

Réponse% Correct
Napoléon Ier
98%
Hirohito
80%
Napoléon III
80%
Charlemagne
73%
Charles Quint
63%
Gengis Khan
61%
Guillaume II
49%
Caligula
45%
Marc Aurèle
41%
Alexandre II
24%
François-Joseph Ier
22%
Titus
22%
Justinien Ier
16%
Hailé Sélassié Ier
14%
Louis Ier
8%
Jean-Jacques Dessalines
2%

Distribution des résultats

Percentile par nombre de réponses

% des personnes avec chaque résultat

Votre développement - résultats

Vous n’avez pas pris ce quiz